El valor de la ciencia / (Record no. 18941)

MARC details
000 -LEADER
campo de control de longitud fija 00771nam a2200217 i 4500
001 - NÚMERO DE CONTROL
campo de control 18941
003 - IDENTIFICADOR DE NÚMERO DE CONTROL
campo de control ES-MaACL
005 - FECHA Y HORA DE LA ÚLTIMA TRANSACCIÓN
campo de control 20230906151946.0
007 - CAMPO FIJO DE DESCRIPCIÓN FÍSICA--INFORMACIÓN GENERAL
campo de control de longitud fija t|
008 - DATOS DE LONGITUD FIJA--INFORMACIÓN GENERAL
campo de control de longitud fija 020415s2001 sp ||||1| spa d
020 ## - NÚMERO INTERNACIONAL ESTÁNDAR DEL LIBRO
Número Internacional Estándar del Libro 84-95224-24-0
080 ## - NÚMERO DE LA CLASIFICACIÓN DECIMAL UNIVERSAL
Número de la Clasificación Decimal Universal 001(063)
245 03 - MENCIÓN DEL TÍTULO
Título El valor de la ciencia /
Mención de responsabilidad, etc. Ramón Alcoberro ... [et al.] ; (coordinadores) Salvador López Arnal ... [et al.].
260 ## - PUBLICACIÓN, DISTRIBUCIÓN, ETC.
Lugar de publicación, distribución, etc. [Barcelona] :
Nombre del editor, distribuidor, etc. El Viejo Topo,
Fecha de publicación, distribución, etc. [2001]
300 ## - DESCRIPCIÓN FÍSICA
Extensión 427 p. ;
Dimensiones 22 cm.
594 ## - Nota al título y mención de responsabilidad
Nota al título y mención de responsabilidad Textos de las III Jornadas del Grup de Filosofía del Casal de Mestre, de Santa Coloma de Gramenet (9 nov. 2000)
650 #4 - PUNTO DE ACCESO ADICIONAL DE MATERIA--TÉRMINO DE MATERIA
Término de materia o nombre geográfico como elemento de entrada Ciencia-
Subdivisión de forma Congresos y asambleas.
9 (RLIN) 10938
700 1# - ENTRADA AGREGADA--NOMBRE PERSONAL
Nombre de persona López Arnal, Salvador.
9 (RLIN) 73419
700 1# - ENTRADA AGREGADA--NOMBRE PERSONAL
Nombre de persona Alcoberro, Ramón.
9 (RLIN) 19560
852 4# - LOCALIZACIÓN
Ubicación ES-MaACL
Número de control de estantería L-25386
Holdings
Estatus retirado Estado de pérdida Estado de daño No para préstamo Biblioteca de origen Biblioteca actual Ubicación en estantería Fecha de adquisición Fuente de adquisición Total de préstamos Signatura topográfica completa Código de barras Visto por última vez Precio de reemplazo Tipo de ítem Koha
        Biblioteca del Ateneo de Madrid Biblioteca del Ateneo de Madrid Depósito 2 17/01/2008     L-25386 1019379 23/02/2023 23/02/2023 Libro impreso